Wszystkie miasta Łotwy - Statystyki

Ogólne statystyki
  • Ten quiz został rozwiązany 35 razy
  • Średni wynik to 10 z 76
Statystyki odpowiedzi
Populacja (2012) Region Miasto % Poprawnych
699 203 Liwonia (Vidzeme) Ryga
100%
101 057 Łatgalia Dyneburg
64%
63 534 Semigalia Jełgawa
55%
82 413 Kurlandia Lipawa
50%
33 936 Łatgalia Rzeżyca
50%
41 998 Kurlandia Windawa
50%
56 307 Liwonia (Vidzeme) Jurmała
36%
26 579 Liwonia (Vidzeme) Ogre
32%
25 883 Semigalia / Łatgalia Jēkabpils
27%
17 673 Liwonia Kieś
27%
5 891 Liwonia (Vidzeme) Valka
27%
26 674 Liwonia (Vidzeme) Valmiera
27%
12 494 Kurlandia Kuldīga
23%
11 368 Liwonia (Vidzeme) Sigulda
23%
8 588 Liwonia (Vidzeme) Gulbene
18%
8 663 Łatgalia Līvāni
18%
8 653 Liwonia (Vidzeme) Madona
18%
8 403 Liwonia (Vidzeme) Aizkraukle
14%
7 738 Łatgalia Balvi
14%
9 796 Semigalia Bauska
14%
10 895 Semigalia Dobele
14%
9 857 Łatgalia Krasław
14%
8 290 Liwonia (Vidzeme) Limbaži
14%
9 380 Łatgalia Lucyn
14%
12 367 Liwonia (Vidzeme) Olaine
14%
1 026 Kurlandia Piltyń
14%
18 039 Liwonia (Vidzeme) Salaspils
14%
12 085 Kurlandia Saldus
14%
10 962 Kurlandia Talsi
14%
19 729 Semigalia Tukums
14%
945 Liwonia (Vidzeme) Ainaži
9%
8 653 Liwonia (Vidzeme) Alūksne
9%
2 891 Semigalia Auce
9%
2 809 Semigalia Iłukszta
9%
7 734 Łatgalia Preiļi
9%
3 303 Liwonia (Vidzeme) Saulkrasti
9%
5 711 Liwonia (Vidzeme) Smiltene
9%
1 730 Łatgalia Zilupe
9%
4 983 Kurlandia Aizpute
5%
1 210 Semigalia Aknīste
5%
1 043 Liwonia (Vidzeme) Ape
5%
3 278 Kurlandia Brocēni
5%
612 Kurlandia Durbe
5%
4 184 Kurlandia Grobiņa
5%
4 063 Liwonia (Vidzeme) Ikšķile
5%
2 221 Semigalia Jaunjelgava
5%
2 386 Łatgalia Kārsava
5%
6 666 Liwonia (Vidzeme) Lielvārde
5%
1 851 Liwonia (Vidzeme) Lubāna
5%
3 619 Liwonia (Vidzeme) Pļaviņas
5%
2 377 Kurlandia Priekule
5%
3 205 Liwonia (Vidzeme) Salacgrīva
5%
2 415 Kurlandia Skrunda
5%
2 803 Łatgalia Varakļāni
5%
1 836 Semigalia Viesīte
5%
3 360 Łatgalia Viļāni
5%
1 346 Liwonia (Vidzeme) Aloja
0%
2 368 Liwonia (Vidzeme) Baldone
0%
5 867 Liwonia (Vidzeme) Baloži
0%
1 637 Liwonia (Vidzeme) Cesvaine
0%
2 447 Łatgalia Dagda
0%
4 202 Kurlandia Kandava
0%
2 433 Liwonia (Vidzeme) Ķegums
0%
1 212 Liwonia (Vidzeme) Līgatne
0%
1 427 Liwonia (Vidzeme) Mazsalaca
0%
1 127 Kurlandia Pāvilosta
0%
3 342 Liwonia (Vidzeme) Rūjiena
0%
1 402 Kurlandia Sabile
0%
1 519 Liwonia (Vidzeme) Seda
0%
1 149 Liwonia (Vidzeme) Staicele
0%
1 871 Kurlandia Stende
0%
1 372 Liwonia (Vidzeme) Strenči
0%
743 Semigalia Subate
0%
1 365 Kurlandia Valdemārpils
0%
3 958 Liwonia (Vidzeme) Vangaži
0%
1 519 Łatgalia Viļaka
0%
Nie znaleziono quizów pasujących do podanych kryteriów
Rozkład punktacji
Procent ludzi z każdym wynikiem
Percentyl według liczby udzielonych odpowiedzi
Twoja historia wyników
Nie rozwiązałeś tego quizu